000 00260nam a22001217a 4500
008 170831b xxu||||| |||| 00| 0 eng d
041 _aeng
080 _a070
100 _a40
101 _aNED
245 _aZOOMLES PHOTOGRAPHY
_cHAWKEN.W.R
942 _2udc
_cBK
999 _c25757
_d25757